Score 0/16 Timer 03:00
0 Plays Today
Missing Word Title Word % Correct
Adventures of ______ HoodRobin
91.7%
Bill And Ted's ______ AdventureExcellent
71.9%
The Adventures of Sharkboy and ______ 3-DLavagirl
69.5%
______ Big AdventurePeewee's
47.5%
Adventures of Don ______Juan
38.6%
The Adventures of ______ Nash Pluto
34.8%
Adventures of ______ MunchausenBaron
34.6%
Adventures in ______Babysitting
33%
Missing Word Title Word % Correct
The Adventures of Ichabod and Mr. ______Toad
32.4%
The Adventures of ______ Queen of the DesertPriscilla
29.7%
The Adventures of Ford ______Fairlane
22.6%
The ______ AdventurePoseidon
19.7%
The Adventures of Buckaroo ______ Across the Eighth DimensionBanzai
16.6%
Remo ______: The Adventure BeginsWilliams
14%
An ______ Big AdventureAwfully
13%
The Adventure of Sherlock Holmes' ______ BrotherSmarter
12.5%

Today's Daily Dose

Quick Pick
Colorful Movies

Get the Picture
Dog Breeds II

Remove Ads.
Support Sporcle.
Get the best of Sporcle when you Go Orange. This ad-free experience offers more features, more stats, and more fun while also helping to support Sporcle. Thank you for becoming a member.

You're not logged in!

Compare scores with friends on all Sporcle quizzes.
OR
Log In

Show Comments

Extras

Top Quizzes Today


Score Distribution

Your Account Isn't Verified!

In order to create a playlist on Sporcle, you need to verify the email address you used during registration. Go to your Sporcle Settings to finish the process.

Report this User

Report this user for behavior that violates our Community Guidelines.

Details: